|
|
|
|
| LEADER |
01461nam a2200397Ia 4500 |
| 001 |
EBC408555 |
| 003 |
MiAaPQ |
| 005 |
20200520144314.0 |
| 006 |
m o d | |
| 007 |
cr cn||||||||| |
| 008 |
891030s1990 ilua sb 001 0 eng d |
| 010 |
|
|
|z 89029895
|
| 020 |
|
|
|z 0226304558 (alk. paper)
|
| 020 |
|
|
|z 9780226304557
|
| 020 |
|
|
|z 9780226304601
|
| 035 |
|
|
|a (MiAaPQ)EBC408555
|
| 035 |
|
|
|a (Au-PeEL)EBL408555
|
| 035 |
|
|
|a (CaPaEBR)ebr10216894
|
| 035 |
|
|
|a (CaONFJC)MIL122353
|
| 035 |
|
|
|a (OCoLC)437248255
|
| 040 |
|
|
|a MiAaPQ
|c MiAaPQ
|d MiAaPQ
|
| 050 |
|
4 |
|a HB231
|b .G57 1990
|
| 082 |
0 |
4 |
|a 338.5/28
|2 20
|
| 100 |
1 |
|
|a Gordon, Robert J.
|q (Robert James),
|d 1940-
|
| 245 |
1 |
4 |
|a The measurement of durable goods prices
|h [electronic resource] /
|c Robert J. Gordon.
|
| 260 |
|
|
|a Chicago :
|b University of Chicago Press,
|c 1990.
|
| 300 |
|
|
|a xviii, 723 p. :
|b ill.
|
| 490 |
1 |
|
|a A National Bureau of Economic Research monograph
|
| 504 |
|
|
|a Includes bibliographical references (p. 705-714) and index.
|
| 533 |
|
|
|a Electronic reproduction. Ann Arbor, MI : ProQuest, 2015. Available via World Wide Web. Access may be limited to ProQuest affiliated libraries.
|
| 650 |
|
0 |
|a Price indexes.
|
| 650 |
|
0 |
|a Prices.
|
| 655 |
|
4 |
|a Electronic books.
|
| 710 |
2 |
|
|a ProQuest (Firm)
|
| 830 |
|
0 |
|a National Bureau of Economic Research monograph.
|
| 856 |
4 |
0 |
|u https://ebookcentral.proquest.com/lib/matrademy/detail.action?docID=408555
|z Click to View
|